Cadastro das instituicoes de pesquisa, pesquisadores e suas atividades no Rio Grande do Sul, 3. Geologia [Classificacao do solo; Brasil] (Registro n. 23678)
[ somente texto ]
| 000 -LÍDER | |
|---|---|
| campo de controle de tamanho fixo | 00836nam a22002657a 4500 |
| 001 - NÚMERO DE CONTROLE | |
| campo de controle | BR7702887 |
| 003 - IDENTIFICADOR DO NÚMERO DE CONTROLE | |
| campo de controle | BR-BrBNA |
| 005 - DATA E HORÁRIO DA ÚLTIMA TRANSAÇÃO | |
| campo de controle | 20240205140745.0 |
| 007 - CAMPO FIXO DE DESCRIÇÃO FÍSICA--INFORMAÇÃO GERAL | |
| campo de controle de tamanho fixo | ta |
| 008 - CAMPO DE DADOS FIXOS--INFORMAÇÃO GERAL | |
| campo de controle de tamanho fixo | 230509b bl.||||| |||| 00| 0 por d |
| 040 ## - FONTE DA CATALOGAÇÃO | |
| Instituição da catalogação original | BR-BrBNA |
| Idioma da catalogação | por |
| Instituição que transcreveu o registro | Biblioteca Nacional de Agricultura |
| 041 ## - CÓDIGO DE IDIOMA | |
| Código do idioma do texto/trilha sonora ou título diferente | (Por) |
| 072 ## - CÓDIGO DE CATEGORIA DE ASSUNTO | |
| Código de Categoria de Assunto | A50; F23 |
| 090 ## - NÚMERO DE CHAMADA LOCAL | |
| Número de chamada | A50 |
| Chave BR | BR7702887 |
| 110 1# - ENTRADA PRINCIPAL--NOME CORPORATIVO | |
| Nome corporativo ou nome da jurisdição | Fundacao de Amparo a Pesquisa do Estado do Rio Grande do Sul, Porto Alegre (Brasil) |
| 9 (RLIN) | 4833 |
| 245 1# - TÍTULO | |
| Título | Cadastro das instituicoes de pesquisa, pesquisadores e suas atividades no Rio Grande do Sul, 3. Geologia [Classificacao do solo; Brasil] |
| 260 3# - PUBLICAÇÃO, DISTRIBUIÇÃO, ETC. | |
| Local de publicação, distribuição, etc. | Porto Alegre, RS (Brasil): |
| Data da publicação, distribuição, etc. | 1977. |
| 300 ## - DESCRIÇÃO FÍSICA | |
| Extensão | 187 p. |
| 650 ## - ASSUNTO--TERMO TÓPICO | |
| Cabeçalho tópico ou nome geográfico | Pesquisa |
| 650 ## - ASSUNTO--TERMO TÓPICO | |
| Cabeçalho tópico ou nome geográfico | Classificacao do solo |
| 650 ## - ASSUNTO--TERMO TÓPICO | |
| Cabeçalho tópico ou nome geográfico | Geologia |
| 650 ## - ASSUNTO--TERMO TÓPICO | |
| Cabeçalho tópico ou nome geográfico | Solo |
| 650 ## - ASSUNTO--TERMO TÓPICO | |
| Cabeçalho tópico ou nome geográfico | Rio Grande do Sul |
| 942 ## - ELEMENTOS DE ENTRADA ADICIONADOS (KOHA) | |
| Tipo de material Koha | Livros |
| Fonte da classificação ou esquema de arquivamento na estante | Classificação AGRIS |
| Situação do descarte | Fonte da classificação ou esquema de arquivamento na estante | Situação física | Não pode ser emprestado | Coleção | Biblioteca de origem | Biblioteca atual | Total de empréstimos | Número de telefone completo | Código de barras | Data de último acesso | Número do exemplar | Tipo de material Koha | Situação das perdas | Data de aquisição | Fonte de aquisição |
|---|---|---|---|---|---|---|---|---|---|---|---|---|---|---|---|
| Classificação AGRIS | Biblioteca Nacional de Agricultura - Binagri | Biblioteca Nacional de Agricultura - Binagri | A50 BR7702887 | A50 BR7702887 | 25/09/2023 | 01 | Livros | 2023-09-25 | Portaria Interministerial nº 164/94 |

BINAGRI